000 02302cas a2200613 4500
001 3828373
003 AUA.1
005 20250528130106.0
008 250528c19789999dcuwr1p 0 a0eng
010 _a78642351 //r84
022 0 _a0161-1119
032 _a957640
035 _a.b13048417
035 _aFAX00147887
040 _aDLC
_cDLC
_dNSDP
_dDLC
_dNSDP
_dm.c.
_dNSDP
_dDLC
_dMBTI
_dNSDP
042 _alc
_ansdp
049 _aEXNZ
050 0 0 _aBX6101
_b.A3
082 _a286/.73
099 _aShelved by Title:
222 7 0 _aAdventist review.
245 0 0 _aAdventist review.
246 7 0 _aAdventist review.
246 7 0 _aReview and herald.
247 7 0 _aReview and herald.
260 _aSilver Spring, MD
_bGeneral Conference of Seventh-day Adventists
_c2024
265 _aReview and Herald Publishing Association, 55 West Oak Ridge Drive, Hagerstown, Md. 21740.
300 _a72p.;
_bcol ill.
_c24 cm.
310 _aMonthly
350 _a$30.95.
440 _940627
_vVol. 196
_aDiscipline and grace: Hand in hand
_nMarch 2024
500 _aWebsite: www.adventistreview.org.
505 _aWin-win
_rJeffrey O. Brown
505 _aCounting sheep
_rGerson P. Santos
505 _aChrist love in action
_rMark Standey
505 _aThe duty to discipline
_rJohann Heinz
505 _aUnderstanding the Trinity
_rJohn Peckham
505 _aDeath of Christ
_rEllen G. White
505 _aWalking with Christ
_rMerle Poirier
505 _aSeasons
_rLa Etta Sandoval
505 _aThe good old review
_rMerle Poirier
505 _aThe great central subject
_rUriah Smith
505 _aAdventist Schools: "YES" or "NO"
505 _aAugustin and Daniel Bourdeau
_rDenis Fortin
550 _aGeneral organ of the Seventh-Day Adventist Church.
610 2 0 _aSeventh-day Adventists
_xPeriodicals.
_940628
650 _aSeventh-day adventist Publications
_940629
690 _aSeventh-day Adventist publications.
_940630
700 _aBill Knott
_eExecutive Editor
_940631
710 2 0 _aGeneral Conference of Seventh-day Adventists.
_bAdventist Review.
_940632
780 7 0 _tAdvent review and Sabbath herald (ends with 1977)
_x0095-2397.
856 _uhttp://www.adventistreview.org/
_zAdventist Review Website
942 _2lcc
_cPER
_hBX 6101
_i.A3 2024
999 _c25060
_d25060